00613 a2200169 450000100060000008200180000609000170002410000160004124500580005726000340011530000130014965000820016274000530024494200280029799900190032595200990034434949 a025.002854LOV c23111d23111 aLovecy, Ian aAutomating Library procedures ; a survivor's handbook aLondonbLib Associationc1984 aix, 247p alibrary integrated systemsccomputers - lib administrationxselection systems alibraries- automationhlibraries- administration aNUST-CAEk025.002854LOV c270022d270022 001040708NFICaCAEbCAEd2017-04-03l0o025.002854LOVpCAE57091r2017-04-05w2017-04-05yBK